00907cam a2200277 a 4500999001700000001000800017003000400025005001700029008004100046010001700087020001500104020002200119040001800141043001200159050002800171082001900199245013500218260003900353300004100392500002200433610003300455610003700488700001900525906004500544942004000589 c25599d255991828724OSt20170201081025.0810727s1980 xx a 001 0 eng  a 80082639  a0937486000 a0937486019 (pbk.) aDLCcDLCdDLC an-us-wi00aNA6880.5.U62bR333 198000a708.175/9621904aThe Council House :bthe international conference center of S.C. Johnson and Son, Inc., Racine, Wisconsin /ceditor, Lee Nordness. a[S.l.] :bPerimeter Press,cc1980. a230 p. :bill. (some col.) ;c28 cm. aIncludes indexes.20aCouncil House (Racine, Wis.)20aS.C. Johnson and SonxBuildings.1 aNordness, Lee. a7bcbccorignewd2eopcnf19gy-gencatlg 2lcccBOOKShNA 6880.5 .U62R333 1980